Basketteurs français en NBA par image (saison 2024/2025) - Statistiques

Statistiques générales
  • Ce quiz a été pris 518 fois
  • Le résultat moyen est 11 sur 15
Statistiques - réponses
Par images Réponse % Correct
Rudy Gobert
98%
Victor Wembanyama
98%
Nicolas Batum
93%
Guerschon Yabusele
91%
Bilal Coulibaly
90%
Zaccharie Risacher
85%
Alexandre Sarr
84%
Killian Hayes
69%
Tidjane Salaün
63%
Ousmane Dieng
52%
Rayan Rupert
49%
Sidy Cissoko
47%
Moussa Diabaté
46%
Pacôme Dadiet
46%
Armel Traoré
42%
Aucun quiz correspondant
Distribution des résultats
% des personnes avec chaque résultat
Percentile par nombre de réponses
Votre historique - résultats
Vous n’avez pas pris ce quiz